000 00815nam a2200253 a 4500
005 20200104041510.0
008 140220b1992 ck ||||| |||| 00| 0 spa d
040 _aCO-BoIAVH
_cCO-BoIAVH
041 _aspa
044 _ack
090 _aLB
_b00365
100 _aSalamanca Solarte, Bibiana Esperanza
_97579
245 _aPlan de revegetalización estratégica del corredor del Teusaca (Cuenca alta y media), Municipio de la Calera
260 _aBogotá
_bS n.
_c1992
300 _a3 vol.
650 _aEspecies dinamogenéticas
_97580
650 _aEspecies multipropósito
_97581
650 _aRevegetalización
_97582
650 _aEcología vegetal
_9353
650 _aSucesión vegetal
_93507
662 _aColombia
_cRío Teusaca
_bCundinamarca
700 _aCamargo, Germán
_97584
942 _cINFORME
_2z
_02
999 _c384
_d384